Sociología /
Guardado en:
| Autor Principal: | |
|---|---|
| Formato: | Libro |
| Publicado: |
Buenos Aires :
Aula taller,
2006
|
| Edición: | 2a. ed. |
| Materias: | |
| Etiquetas: |
Agregar Etiqueta
Sin Etiquetas, Sea el primero en etiquetar este registro!
|
| LEADER | 00805nam a22002055a 4500 | ||
|---|---|---|---|
| 001 | CEM.cems012390 | ||
| 005 | 20070312193123.0 | ||
| 008 | 130507s2006##################000#0#####d | ||
| 003 | CEMS | ||
| 020 | |a 9871086261 | ||
| 082 | 0 | 4 | |a 301 |
| 100 | 1 | |a Recalde, Héctor E. | |
| 245 | 1 | 0 | |a Sociología / |c Héctor E. Recalde |
| 250 | |a 2a. ed. | ||
| 260 | |a Buenos Aires : |b Aula taller, |c 2006 | ||
| 300 | |a 272 p. | ||
| 500 | |a Para la educación media y polimodal | ||
| 505 | 0 | |a Qué es la sociología -- La sociedad -- La cultura -- La personalidad -- La interacción social -- Control social y conducta desviada -- La estratificación social -- La sociología política -- La sociología en la Argentina | |
| 653 | |a Sociología -- argentina-sociología | ||
| 859 | |a CEMS |b BIB. CEMS - 11 de abril |h 301 |i R243 |p 23690.07 |t Ej.1 | ||
